"Παιδομάζωμα" : ή αγωγή και η διδασκαλία των απαχθέντων Ελληνόπαιδων
Αποθηκεύτηκε σε:
| Κύριος συγγραφέας: | |
|---|---|
| Μορφή: | Βιβλίο |
| Γλώσσα: | Greek |
| Δημοσίευση: |
Αθήναι :
[χ.ό],
1969.
|
| Έκδοση: | 2η έκδ. |
| Θέματα: | |
| Ετικέτες: |
Προσθήκη ετικέτας
Δεν υπάρχουν, Καταχωρήστε ετικέτα πρώτοι!
|
MARC
| LEADER | 00000cam a2200000 i 4500 | ||
|---|---|---|---|
| 001 | 1/3715 | ||
| 008 | 100127s1969 gr | |||| ||| ||gre|| | ||
| 035 | |l 10106474 | ||
| 040 | |a GR-MyUA |b gre |e AACR2 | ||
| 041 | 0 | |a gre | |
| 082 | 0 | |a 949.5074 |2 (22) | |
| 100 | 1 | |a Μανούκας, Γεώργιος Χ. | |
| 245 | 1 | 0 | |a "Παιδομάζωμα" : |b ή αγωγή και η διδασκαλία των απαχθέντων Ελληνόπαιδων / |c Γεωργίου Χ. Μανούκα. |
| 250 | |a 2η έκδ. | ||
| 260 | |a Αθήναι : |b [χ.ό], |c 1969. | ||
| 300 | |a 316 σ. : |b φωτ. ; |c 25 εκ. | ||
| 650 | 0 | 0 | |a Kidnapping |z Greece |x History |y 20th century. |
| 651 | 0 | |a Greece |x History |y Civil War, 1944-1949 |x Children |x Crimes against. | |
| 852 | |a INST |b SAMOS |e 20100127 |h 949.5074 ΜΑΝ |p 005300030744 |q 005300030744 |t BK |y 0 | ||
| 901 | |a BIBL3-2010-1 | ||
| 909 | |a Σ |b 158656 | ||
| 970 | |a ΣΙΤΖΙΜΗ |b ΓΙΑΣΕΜΗ |z 2010/01/27 | ||